000 00665nam a2200205 i 4500
001 44672
003 ES-MaACL
005 20230906161056.0
007 t|
008 151118s1936 sp ||||1| spa d
245 0 0 _aDiccionario de legislación escolar.
_pApéndice del año 1935 /
_cpor M. Medina Bravo.
260 _aMadrid :
_bRevista de Pedagogía,
_c1936.
300 _a95 p. ;
_c19 cm.
490 1 _aColección legislativa escolar ;
_v3
650 0 4 _aEnseñanza-
_xLegislación-
_zEspaña.
_912292
700 1 _aMedina Bravo, M.
_979726
830 0 _aColección legislativa escolar ;
_v3
_9229906
852 _aES-MaACL
_jE-5078
999 _c44672
_d44672